| 000 | 00000nim##2200000za#4500 |
| 001 | 9.649079 |
| 003 | CaOODSP |
| 005 | 20210615113505 |
| 007 | ss |||j||||||| |
| 008 | 150407|2003||||xxcnnn||q|||||||| n eng|d |
| 040 | |aCaOODSP|beng |
| 043 | |an-cn--- |
| 086 | 1 |aRH34-5/2002E-A |
| 110 | 1 |aCanada. |bHuman Resources Development Canada. |
| 245 | 10|aLooking for a job? |h[sound recording] |
| 260 | |aOttawa - Ontario : |bHuman Resources Development Canada |c[2003?]. |
| 300 | |a2 audio-cassettes. |
| 520 | 3 |aWhether you are a first-time job seeker, a student looking for employment, or someone looking to change jobs, Looking for a Job can help you with your job search or planning your career path. |
| 590 | |a03-48|b2003-11-28 |
| 690 | 07|aEmployment|2gcpds |
| 690 | 07|aVocational guidance|2gcpds |
| 690 | 07|aYoung adults|2gcpds |
| 775 | 08|tTu cherches un emploi? |w(CaOODSP)9.682317 |
| 776 | 0#|tLooking for a job? |w(CaOODSP)9.648605 |
| 776 | 0#|tLooking for a job? |w(CaOODSP)9.649014 |
| 776 | 0#|tLooking for a job? |w(CaOODSP)9.649015 |
| 776 | 0#|tLooking for a job? |w(CaOODSP)9.649076 |
| 776 | 0#|tLooking for a job - knowledge matters : |w(CaOODSP)9.686740 |